Harry Potter Every Name - Statistics

General Stats
  • This quiz has been taken 103 times
  • The average score is 158 of 327
Answer Stats
no. Clue Surname First name % Correct
1 Hufflepuff D.A. member Abbott Hannah
98%
15 Gryffindor Chaser Bell Katie
81%
9 Author of A History of Magic Bagshot Bathilda
79%
24 The Prisoner of Azkaban, nicknamed Padfoot. Godfather of 197 Black Sirius
79%
6 Former Quidditch player and Head of Magical Games and Sports Bagman Ludo
77%
79 Hogwarts Headmaster Dumbledore Albus
75%
200 Son of 197 and 274 Potter (2nd gen.) Albus
75%
47 Ministry worker who is impersonated by 277 using Polyjuice Potion Cattermole Reg
75%
58 Death Eater presumed dead but impersonates 173 in Book 4 in order to help Voldemort rise. Son of 59 Crouch Barty
74%
59 Senior Ministry official and father of 58 who he sends to Azkaban Crouch Barty
74%
167 Gryffindor Keeper and member of the Slug Club McLaggen Cormac
74%
249 Gryffindor student and best friend of 93. Dated 274 Thomas Dean
74%
197 The Chosen One Potter Harry
74%
198 Father of 197, nicknamed Prongs Potter James
74%
201 Son of 197 and 274 Potter (2nd gen.) James
74%
199 Mother of 197 Potter Lily
74%
202 Daughter of 197 and 274 Potter (2nd gen.) Lily
74%
173 Auror nicknamed 'Mad-Eye' Moody Alastor
72%
10 Caught smuggling flying carpets in Britain Bashir Ali
72%
269 Ministry worker, father of seven children and obsessed with Muggles Weasley Arthur
72%
139 Death Eater who killed her cousin, 24 Lestrange Bellatrix
72%
270 Eldest Weasley son who works for Gringotts and marries 66 Weasley Bill
72%
72 Hogwarts Triwizard champion and Hufflepuff Seeker Diggory Cedric
72%
271 Works with dragons in Romania Weasley Charlie
72%
157 School nemesis of 197 who becomes a Death Eater Malfoy Draco
72%
83 Fat, bullying cousin of 197 Dursley Dudley
72%
98 Charms teacher and head of Ravenclaw House Flitwick Filius
72%
272 Twin of 273 who loses an ear Weasley Fred
72%
273 Twin of 272 who loses his life Weasley George
72%
274 Only Weasley daughter. Marries 197 Weasley Ginny
72%
109 Best friend of 197 and 277 Granger Hermione
72%
13 Member of the Slug Club. Nephew of 12 Belby Marcus
72%
97 Slytherin Quidditch Captain Flint Marcus
72%
164 Transfiguration teacher and head of Gryffindor House McGonagall Minerva
72%
275 Wife of 269 and mother of the weasley children Weasley Molly
72%
159 Death Eater and mother of 157 Malfoy Narcissa
72%
146 Clumsy Gryffindor student who joins the D.A. and kills Nagini Longbottom Neville
72%
181 Ravenclaw D.A. member who went with 276 to the Yule Ball. Twin of 182 Patil Padma
72%
276 Ambitious Weasley who rows with his family but is reconciled later Weasley Percy
72%
187 Death Eater nicknamed Wormtail Pettigrew Peter
72%
23 Brother of 24. Was a Death Eater but turned and stole a horcrux Black Regulus
72%
277 Best friend of 197 who is involved in all his adventures. Marries 109 Weasley Ron
72%
119 Half-giant gamekeeper and Care of Magical Creatures teacher Hagrid Rubeus
72%
71 Father of 72 who works for the Ministry Diggory Amos
70%
91 Hogwarts caretaker Filch Argus
70%
49 Ravenclaw Seeker, D.A. member and love interest of 197 Chang Cho
70%
54 Gryffindor who is petrified by the basilisk through his camera Creevey Colin
70%
66 Beauxbatons Triwizard champion who marries 270 Delacour Fleur
70%
39 Gardener of the Riddle House and overhears Voldemort Bryce Frank
70%
145 Auror who was tortured into insanity by 139. Father of 146 Longbottom Frank
70%
116 Founder of Gryffindor House Gryffindor Godric
70%
128 Founder of Hufflepuff House Hufflepuff Helga
70%
38 Gryffindor D.A. member who dates 277 in Book 6 Brown Lavender
70%
158 Death Eater and father of 157 Malfoy Lucius
70%
147 Ravenclaw D.A. member who is quite strange Lovegood Luna
70%
85 Nosy Aunt of 197 Dursley Petunia
70%
149 Werewolf member of the Order of the Phoenix, nicknamed Moony Lupin Remus
70%
93 Gryffindor student who is best friends with 249 Finnigan Seamus
70%
239 Potions teacher and head of Slytherin House who hates 197 Snape Severus
70%
31 Hufflepuff D.A. member and niece of 29 Bones Susan
70%
217 Name of Lord Voldemort and his father Riddle Tom
70%
86 Uncle of 197 who tries to squash the magic out of him Dursley Vernon
70%
138 Bulgarian National Seeker and Durmstrang Triwizard champion Krum Viktor
70%
53 Huge Slytherin friend of 157 Crabbe Vincent
70%
78 Bartender of the Hog's Head and brother of 79 Dumbledore Aberforth
68%
16 Went into a cave with young Voldemort and was never the same again Benson Amy
68%
80 Sister of 78 and 79 who was attacked until she could no longer use magic Dumbledore Ariana
68%
18 Went into a cave with young Voldemort and was never the same again Bishop Dennis
68%
55 Brother of 54 who falls in the lake and is pushed out by the giant squid Creevey Dennis
68%
297 A free elf ----------------- Dobby
68%
260 Ministry official, teacher and High Inquisitor who tortured 197 Umbridge Dolores
68%
67 Younger sister of 66 Delacour Gabrielle
68%
108 Huge Slytherin friend of 157 Goyle Gregory
68%
136 Headmaster of Durmstrang and former Death Eater Karkaroff Igor
68%
127 Teased Myrtle and found her body Hornby Olive
68%
180 Slytherin with a face like a pug Parkinson Pansy
68%
182 Gryffindor D.A. member who went with 197 to the Yule Ball. Twin of 181 Patil Parvati
68%
50 Girlfriend of 276 who is petrified by the basilisk outside the library Clearwater Penelope
68%
230 Daily Prophet reporter who writes about 197 Skeeter Rita
68%
253 Husband of 251 and father of 252 Tonks Ted
68%
150 Orphaned son of 149 and 252 Lupin Teddy
68%
148 Editor of the Quibbler and father of 147 Lovegood Xenophilius
68%
143 Auror who was tortured into insanity by 139. Mother of 146 Longbottom Alice
66%
102 Minister of Magic Fudge Cornelius
66%
17 History of magic teacher Binns Cuthbert
66%
172 Head of the Goblin Liaison Office Mockridge Cuthbert
66%
153 Pompous Hufflepuff member of the D.A. MacMillan Ernie
66%
203 Driver of the Knight Bus Prang Ernie
66%
112 Werewolf who bit Lupin and the eldest Weasley son Greyback Fenrir
66%
302 A three-headed dog ----------------- Fluffy
66%
142 Fraudulent Defense Against the Dark Arts teacher Lockhart Gilderoy
66%
233 Potions teacher and founder of the Slug Club Slughorn Horace
66%
278 Son of 275 and 109 Granger-Weasley Hugo
66%
81 Mother of 78, 79, 80 and killed accidentally by 80 Dumbledore Kendra
66%
84 Aunt of 83 who likes to torment 197 Dursley Marge
66%
46 Muggle born rescued from the Ministry by 197 and 276 Cattermole Mary
66%
225 Author of Fantastic Beasts and Where to Find Them Scamander Newt
66%
252 A Metamorphmagus Auror and member of the Order of the Phoenix Tonks Nymphadora
66%
195 Hogwarts Nurse Pomfrey Poppy
66%
216 Founder of Ravenclaw House Ravenclaw Rowena
66%
234 Founder of Slytherin House Slytherin Salazar
66%
228 Conductor on the Knight Bus Shunpike Stan
66%
45 Death Eater who becomes Dark Arts teacher. Brother of 44 Carrow Amycus
64%
131 Gryffindor Chaser and later Quidditch Captain Johnson Angelina
64%
77 Death Eater in the cafe on Tottenham Court Road Dolohov Antonin
64%
90 Squib who lives near Harry Figg Arabella
64%
287 A Slytherin member of the Slug Club Zabini Blaise
64%
295 A Hipppogriff accused of injuring 157 ----------------- Buckbeak
64%
299 Hagrid's boarhound ----------------- Fang
64%
300 Dumbledore's phoenix ----------------- Fawkes
64%
179 Best wandmaker in Britain Ollivander Garrick
64%
113 Dark wizard famously defeated by 79 in 1945 Grindelwald Gellert
64%
308 197's snowy owl, given to him by Hagrid ----------------- Hedwig
64%
215 Daughter of 216 who is now the Ravenclaw ghost Ravenclaw Helena
64%
312 House elf of the Black family and later 197 ----------------- Kreacher
64%
134 Quidditch commentator at Hogwarts and friend of the Weasley twins Jordan Lee
64%
104 Mother of Voldemort Gaunt Merope
64%
316 Voldemort's snake ----------------- Nagini
64%
64 Gryffindor ghost known as 'Nearly-Headless' de Mimsy-Porpington Nicholas
64%
94 Discoverer of the Philosopher's Stone Flamel Nicholas
64%
284 Gryffindor Keeper and Quidditch Captain Wood Oliver
64%
263 Gryffindor girl who tries to smuggle 197 a love potion Vane Romilda
64%
279 Daughter of 275 and 109 Granger-Weasley Rose
64%
289 A Hufflepuff first year in Book 5 Zeller Rose
64%
160 Son of 157 Malfoy (2nd gen.) Scorpius
64%
256 Divination teacher who made the prediction about Voldemort and 197 Trelawney Sybill
64%
44 Death Eater who becomes Muggle Studies teacher. Sister of 45 Carrow Alecto
62%
29 Former head of Magical Law Enforcement and took part in 197's hearing in Book 5. Aunt of 31 and sister of 30 Bones Amelia
62%
251 Sister of 159 and 139 and mother of 252 Tonks Andromeda
62%
301 A centaur who teachers Divination ----------------- Firenze
62%
92 Petrified after seeing the basilisk through 64 Finch-Fletchley Justin
62%
227 Auror and Order of the Phoenix member Shacklebolt Kingsley
62%
87 Friend of 49 who sold out the D.A. Edgecombe Marietta
62%
103 Grandfather of Voldemort Gaunt Marvolo
62%
8 Previous Minister of Magic Bagnold Millicent
62%
40 Ugly Slytherin girl who fights 109 in Book 2 and joins the Inquisitorial Squad in Book 5 Bulstrode Millicent
62%
318 Filch's cat ----------------- Mrs Norris
62%
96 Criminal member of the Order of the Phoenix Fletcher Mundungus
62%
162 Half-giant headmistress of Beauxbatons Maxime Olympe
62%
243 Herbology teacher and head of Hufflepuff House Sprout Pomona
62%
176 Slytherin student whose father is a Death Eater Nott Theodore
62%
241 Gryffindor Chaser Spinnet Alicia
60%
290 Giant spider owned by Hagrid ----------------- Aragog
60%
41 Muggle Studies teacher murdered in Book 7 Burbage Charity
60%
306 Hagrid's giant half-brother ----------------- Grawp
60%
190 Original owner of the invisibility cloak and ancestor of 197 Peverell Ignotus
60%
52 Ravenclaw D.A. member who dates 274 and 49 in Book 5 Corner Michael
60%
319 Hogwarts poltergeist ----------------- Peeves
60%
226 Minister of Magic in Book 6 Scrimgeour Rufus
60%
32 Ravenclaw D.A. member Boot Terry
60%
327 Mr Crouch's house elf ----------------- Winky
60%
238 Hufflepuff chaser and D.A. member Smith Zacharias
60%
209 Slytherin Chaser Pucey Adrian
58%
106 Ravenclaw D.A. member Goldstein Anthony
58%
188 Original owner of the Elder wand Peverell Antioch
58%
184 Obliviator for the Ministry Peasegood Arnold
58%
291 A Pygmy Puff owned by 274 ----------------- Arnold
58%
144 Grandmother of 146 Longbottom Augusta
58%
229 Astronomy teacher Sinistra Aurora
58%
296 109's ginger cat ----------------- Crookshanks
58%
298 The Weasley's family owl ----------------- Errol
58%
221 Death Eater killed by Moody, taking a chunk of his nose with him Rosier Evan
58%
307 A goblin who helpes 197 steal Hufflepuff's Cup from Gringotts ----------------- Griphook
58%
141 Husband of 139 Lestrange Rodolphus
58%
124 Flying teacher and Quidditch referee Hooch Rolanda
58%
326 146's toad who keeps escaping ----------------- Trevor
58%
74 Headmaster of Hogwarts when Voldemort attended Dippet Armando
57%
189 Original owner of the resurrection stone Peverell Cadmus
57%
206 Mother of 239 Prince Eileen
57%
76 Order of the Phoenix member who wrote 78's obituary Doge Elphias
57%
204 Order of the Phoenix member and brother of 275 Prewett Fabian
57%
309 276's owl, as a gift for becoming Prefect ----------------- Hermes
57%
105 Brother of 104 who was a Parselmouth Gaunt Morfin
57%
177 Minsitry employee who visits the Gaunt family Ogden Bob
55%
70 Order of the Phoenix member who takes the Dursleys into hiding Diggle Dedalus
55%
205 Order of the Phoenix member and brother of 275 Prewett Gideon
55%
192 Librarian at Hogwarts Pince Irma
55%
82 Father of 78, 79, 80 who went to Azkaban Dumbledore Percival
55%
22 Least popular headmaster of Hogwarts. Is a painting Black Phineas Nigellus
55%
248 Minister for Magic whilst under the Imperius Curse Thicknesse Pius
55%
140 Brother of 141 who tortured the Longbottoms into insanity Lestrange Rabastan
55%
292 A black-haired centaur ----------------- Bane
53%
135 Ministry witch who disappeared in Albania Jorkins Bertha
53%
100 Owner of an Ice Cream Parlour who gives 197 free sundaes Fortescue Florean
53%
126 Employee at the Improper Use of Magic Office. Impersonated by 109 Hopkirk Mafalda
53%
194 Best friend of 83 Polkiss Piers
53%
61 Ravenclaw Qudditch Captain who takes 66 to the Yule Ball Davies Roger
53%
280 Daughter of 270 and 66 and dates 150 Weasley (2nd gen.) Victoire
53%
114 Substitute Care of Magical Creatures teacher Grubbly-Plank Wilhelmina
53%
27 Worked in the Department of Mysteries. Strangled by Devil's Snare while in St Mungo's Bode Broderick
51%
237 Rich witch who invited Voldemort over many times to see her heirlooms Smith Hepzibah
51%
310 237's house elf, whose memories were witnessed by 197 and 79 ----------------- Hokey
51%
317 Hagrid's baby dragon ----------------- Norberta
51%
320 277's owl, given to him by Padfoot ----------------- Pigwidgeon
51%
264 Arithmancy teacher Vector Septima
51%
211 Trainee healer who tried to use stitches on Mr Weasley Pye Augustus
49%
220 Death Eater who was a spy inside the Ministry Rookwood Augustus
49%
262 Order of the Phoenix member Vance Emmeline
49%
223 Ministry worker impersonated by 197 Runcorn Albert
47%
110 Slytherin student in 197's year Greengrass Daphne
47%
154 Death Eater who works as an executioner for the Ministry Macnair Walden
47%
156 Grandfather of 157 who died of dragonpox Malfoy Abraxas
45%
293 A rabbit belonging to 38 ----------------- Binky
45%
219 Gryffindor Chaser Robins Demelza
45%
166 Order of the Phoenix member who appears in Moody's photo McKinnon Marlene
45%
28 First Supreme Mugwump of the International Confederation of Wizards Bonaccord Pierre
45%
322 A centaur 197 met during his detention in Book 1 ----------------- Ronan
45%
193 Order of the Phoenix member sent to Azkaban Podmore Sturgis
45%
240 Father of 239 Snape Tobias
45%
165 Muggle newsreader in Book 1 McGuffin Jim
43%
183 Gryffindor Beater in Book 6 Peakes Jimmy
43%
95 94's wife Flamel Perenelle
43%
259 Ministry apparition instructor Twycross Wilkie
43%
34 Inventor of Every Flavour Beans Bott Bertie
42%
122 Contact of Slughorn Higgs Bertie
42%
255 A famous seer and great-great grandmother of 256 Trelawney Cassandra
42%
261 Author of Unfogging the Future Vablatsky Cassandra
42%
56 Head of the Goblin Liaison Office who is killed in Book 7 Cresswell Dirk
42%
313 A centaur who warns Hagrid to stay away ----------------- Magorian
42%
268 A famour singer on the radio Warbeck Celestina
40%
133 Order of the Phoenix member Jones Hestia
40%
62 Auror who attempts to arrest 78 in Book 5 Dawlish John
40%
51 Gryffindor Beater in Book 6 Coote Ritchie
40%
222 Death Eater in the cafe on Tottenham Court Road Rowle Thorfinn
40%
137 Gryffindor Beater in Book 5 Kirke Andrew
38%
171 Girl who tried to curse her acne off and accidentally removed her nose Midgeon Eloise
38%
2 Gryffindor first year in Book 4 Abercrombie Euan
38%
111 Bulgarian wandmaker Gregorovitch Mykew
38%
169 Order of the Phoenix member killed persoanlly by Voldemort Meadows Dorcas
36%
57 A witch in the Leaky Cauldron Crockford Doris
36%
210 Thought Padfoot was actually Stubby Boardman, a singer Purkiss Doris
36%
132 Captain of the Holyhead Harpies Quidditch team Jones Gwenog
36%
232 Gryffindor Beater in Book 5 Sloper Jack
36%
294 A goblin at Gringotts who 197 put under the Imperius Curse ----------------- Bogrod
34%
30 Brother of 29 who was killed during Voldemort's first rise to power Bones Edgar
34%
161 Head of the Wizarding Examinations Authority and Wizengamot member Marchbanks Griselda
34%
65 Mother of 66 and 67. Visits the Weasley family for 66's wedding Delacour Apolline
32%
89 Order of the Phoenix member on Moody's photograph Fenwick Benjy
32%
303 Hagrid's giantess mother ----------------- Fridwulfa
32%
25 Slytherin Keeper Bletchley Miles
30%
42 Owner of Borgin and Burkes Burke Caractacus
28%
174 Referee at the Quidditch World Cup Mostafa Hassan
28%
207 Former caretaker of Hogwarts Pringle Apollyon
26%
88 A boy who was beaten up by 83 and his gang Evans Mark
26%
20 Left 24 enough gold to buy his own house after he ran away from home Black Alphard
25%
69 St Mungo's healer and Hogwarts headmistress. Is a painting Derwent Dilys
25%
305 A goblin on the run with 249 and 253 in Book 7 ----------------- Gornuk
25%
311 Gurg of the Giants when Hagrid first arrives ----------------- Karkus
25%
68 Leader of the Headless Hunt Delaney-Podmore Patrick
25%
186 Student in 197's year Perks Sally-Ann
25%
151 Irish National Seeker Lynch Aidan
23%
258 A Ravenclaw first year in Book 1 Turpin Lisa
23%
26 Lead singer of the Hobblegoblins. An article was written in the Quibbler claiming he was 24's real identity Boardman Stubby
23%
63 Order of the Phoenix member in Book 5 Dearborn Caradoc
21%
208 Slytherin first year in Book 4 Pritchard Graham
21%
7 6's brother who is helped by Mr Weasley Bagman Otto
21%
323 A vampire friend of Slughorn ----------------- Sanguini
21%
267 Sold defective wands in Diagon Alley Wagstaff Willy
21%
283 Set up regurgitating toilets in Book 5 discovers the D.A. Widdershins Willy
21%
60 Editor of the Daily Prophet and former member of the Slug Club Cuffe Barnabus
19%
36 Ravenclaw first year in Book 1 Brocklehurst Mandy
19%
107 Author of the Standard Book of Spells series Goshawk Miranda
19%
3 Ravenclaw first year in Book 4 Ackerley Stewart
19%
324 The first Thestral born in the Forbidden Forest ----------------- Tenebrus
19%
266 Author of Magical Theory Waffling Adalbert
17%
170 Professor at Hogwarts when Voldemort attended Merrythought Galatea
17%
118 One of Lockhart's biggest fans Gudgeon Gladys
17%
304 A giant who became Gurg and allied with the Death Eaters ----------------- Golgomath
17%
123 Slytherin Seeker in Book 1 Higgs Terence
17%
168 Uncle of 167 and contact of Slughorn McLaggen Tiberius
17%
178 Wizengamot elder who attends 197's hearing Ogden Tiberius
17%
224 Irish National Keeper Ryan Barry
15%
4 Prongs and Padfoot illegally hex him Aubrey Bertram
15%
43 Ravenclaw who tries to sell Brain Elixir to 197 and 277 during their OWLs Carmichael Eddie
15%
75 Hufflepuff first year in Book 4 Dobbs Emma
15%
175 Security wizard at the Ministry in Book 5 Munch Eric
15%
73 Tried to sell fake Dragon Claws as a study aid in Book 5 Dingle Harold
15%
129 Author of the Dream Oracle Imago Inigo
15%
152 Student in 197's year MacDougal Morag
15%
163 Gryffindor first year in Book 4 McDonald Natalie
15%
321 Goblin owed money by Bagman ----------------- Ragnok
15%
231 Author of Defensive Magical Theory Slinkhard Wilbert
15%
191 Had a security probe stuck up his --- Philpott Arkie
13%
286 Created the first Golden snitch and lived in Godric's Hollow Wright Bowman
13%
218 Head of the Auror Office after Scrimgeour Robards Gawain
13%
282 Hufflepuff first year in Book 4 Whitby Kevin
13%
288 A Polish Chaser who 277 was compared to for his great save Zamojski Ladislaw
13%
212 Ravenclaw first year in Book 4 Quirke Orla
13%
257 Author of The Dark Forces: A Guide to Self Protection Trimble Quentin
13%
214 Painting at St Mungo's Rackharrow Urquhart
13%
265 Author of Curses and Counter-curses Viridian Vindictus
13%
99 Owner of Honeydukes Flume Ambrosius
11%
130 Author of Magical Drafts and Potions Jigger Arsenius
11%
285 A friend of Slughorn who attended Slughorn's Christmas Party Worple Eldred
11%
246 Author of A Beginner's Guide to Transfiguration Switch Emeric
11%
14 Tried to invent a cheese cauldron Belcher Humphrey
11%
33 Author of Advanced Potion Making Borage Libatius
11%
314 One of Mrs Figg's cats ----------------- Mr Paws
11%
315 Merchieftaness in the Hogwarts lake ----------------- Murcus
11%
185 Man who vanished in Book 6 Pepper Octavius
11%
48 Hufflepuff first year in Book 4 Cauldwell Owen
11%
242 Author of One Thousand Magical Herbs and Fungi Spore Phyllida
11%
196 Made a bet with Bagman at the World Cup Pontner Roddy
11%
101 Gryffindor who tried out to be a keeper on the Quidditch team Frobisher Vicky
11%
115 Inventor of the dungbomb and featured on a Chocolate Frog card Grunnion Alberic
9%
12 Invented the Wolfsbane potion. Uncle of 13 Belby Damocles
9%
117 Almost lost an eye playing too close to the Whomping Willow Gudgeon Davey
9%
35 Hufflepuff first year in Book 4 Branstone Eleanor
9%
21 Started the tradition of beheading the family house elves Black Elladora
9%
281 Works for the Committe on Experimental Charms Whimple Gilbert
9%
11 Muggle who saw the flying Ford Anglia Bayliss Hetty
9%
236 Healer in charge of Mr Weasley's ward at St Mungo's Smethwyk Hippocrates
9%
247 A ward in St Mungo's is named after him Thickey Janus
9%
155 Hufflepuff first year in Book 4 Madley Laura
9%
5 Slytherin first year in Book 4 Baddock Malcolm
9%
245 Healer in charge of the Longbottom's ward at St Mungo's Strout Miriam
9%
325 Mrs Figg's cat who kept watch on 197 in Book 5 ----------------- Tibbles
9%
120 Contact of Slughorn Harkiss Ciceron
8%
125 Tried out for Gryffindor Keeper in Book 5 but whined too much Hooper Geoffrey
8%
254 A boy the Weasley twins play a prank on Towler Kenneth
8%
37 A name found by 109 when trying to work out who R.A.B stood for Brookstanton Rupert
8%
121 Had his toads stolen and sold back to him by 96 Harris Warty
8%
250 Made a bet with Bagman at the World Cup Timms Agatha
6%
19 Tried to legalise muggle hunting Black Araminta Meliflua
6%
244 A student who had a breakdown during her OWLs Stimpson Patricia
6%
213 Defence Against the Dark Arts teacher possessed by Voldemort Quirrel Qurinius
6%
235 Fan of Lockhart Smethley Veronica
6%
No matching quizzes found
Score Distribution
Percent of People with Each Score
Percentile by Number Answered
Your Score History
You have not taken this quiz